000 01250nam a2200277 a 4500
001 BRL_1844
005 20190320211408.0
008 100815s1948----u--b######---#000-0#eng-#
041 _aeng
044 _au
050 4 _aF799
_b.K56 1948
100 1 _aKino, Eusebio Francisco
_d1644-1711
_927496
245 1 0 _aKino´s historical memoir of Pimería Alta
_bcontemporary account of the beginnings of California, Sonora, and Arizona
_cby Father Eusebio Francisco Kino, S. J., pioneer missionary explorer, cartographer, and ranchman, 1683-1711; pub. for the first time from the original manuscript in the archives of Mexico; tr. into English, ed. and annotated, by Herbert Eugene Bolton ...
260 _aBerkeley
_bUniversity of California Press
_c1948
300 _a2 v. en 1
_bil., mapas
_c22 cm.
500 _aAu2053
504 _aBibliografía : v.2, p. 279-296
650 1 4 _aJesuitas
_zPimería Alta (México y Arizona)
_928026
650 1 4 _aMisiones
_zPimería Alta (México y Arizona)
_928027
650 1 4 _aPimas
_928028
651 4 _aPimería Alta (México y Arizona)
_928029
651 4 _aCalifornia (Estados Unidos)
_xDescripción y viajes
_928030
700 1 _aBolton, Herbert Eugene
_d1870-1953
_928031
902 _aGRL
942 _2lcc
_cB
999 _c10652
_d10652